The Environment in Russia; Иностранный язык в контексте проблем профессиональной коммуникации

מידע ביבליוגרפי
Parent link:Иностранный язык в контексте проблем профессиональной коммуникации.— 2015.— [С. 77-78]
מחבר ראשי: Leonova Yu. S.
Corporate Authors: Национальный исследовательский Томский политехнический университет (ТПУ) Физико-технический институт (ФТИ) Кафедра иностранных языков физико-технического института (ИЯФТ), Национальный исследовательский Томский политехнический университет (ТПУ) Институт неразрушающего контроля (ИНК) Лаборатория № 63 (Медицинского приборостроения)
מחברים אחרים: Zogol R. V. (научный руководитель), Yuzhakova M. A. Maria Aleksandrovna
סיכום:Заглавие с титульного экрана
Russia faces serious ecological challenges, which are having adverse effects on both the naturalenvironment and the health of the population. We want this speech to attract your attention to the problem ofenvironmental pollution because we treat those who are not indifferent.
שפה:אנגלית
יצא לאור: 2015
סדרה:Технологии мониторинга, прогнозирования состояния окружающей среды и ликвидации ее загрязнения
נושאים:
גישה מקוונת:http://earchive.tpu.ru/handle/11683/16484
http://www.lib.tpu.ru/fulltext/c/2015/C105/032.pdf
פורמט: MixedMaterials אלקטרוני Book Chapter
KOHA link:https://koha.lib.tpu.ru/cgi-bin/koha/opac-detail.pl?biblionumber=615793

MARC

LEADER 00000naa2a2200000 4500
001 615793
005 20231101132857.0
035 |a (RuTPU)RU\TPU\conf\14009 
035 |a RU\TPU\conf\14008 
090 |a 615793 
100 |a 20151121d2015 k y0rusy50 ba 
101 0 |a eng 
102 |a RU 
105 |a y z 101zy 
135 |a drcn ---uucaa 
181 0 |a i  
182 0 |a b 
200 1 |a The Environment in Russia  |f Yu. S. Leonova, R. V. Zogol  |g sci. ad. M. A. Yuzhakova 
203 |a Текст  |c электронный 
225 1 |a Технологии мониторинга, прогнозирования состояния окружающей среды и ликвидации ее загрязнения 
230 |a 1 компьютерный файл (pdf; 117 Кb) 
300 |a Заглавие с титульного экрана 
320 |a [Библиогр.: с. 78 (4 назв.)] 
330 |a Russia faces serious ecological challenges, which are having adverse effects on both the naturalenvironment and the health of the population. We want this speech to attract your attention to the problem ofenvironmental pollution because we treat those who are not indifferent. 
337 |a Adobe Reader 
463 0 |0 (RuTPU)RU\TPU\conf\13662  |t Иностранный язык в контексте проблем профессиональной коммуникации  |o материалы II Международной научной конференции , 27-29 апреля 2015 г., Томск  |f Национальный исследовательский Томский политехнический университет (ТПУ) ; Российский гуманитарный научный фонд (РГНФ)  |v [С. 77-78]  |d 2015 
610 1 |a труды учёных ТПУ 
610 1 |a электронный ресурс 
610 1 |a окружающая среда 
610 1 |a Россия 
700 1 |a Leonova  |b Yu. S. 
701 1 |a Zogol  |b R. V. 
702 1 |a Yuzhakova  |b M. A.  |c Linguist  |c Senior Lecturer of Tomsk Polytechnic University  |f 1980-  |g Maria Aleksandrovna  |2 stltpush  |4 727 
712 0 2 |a Национальный исследовательский Томский политехнический университет (ТПУ)  |b Физико-технический институт (ФТИ)  |b Кафедра иностранных языков физико-технического института (ИЯФТ)  |h 6715  |2 stltpush  |3 (RuTPU)RU\TPU\col\18736 
712 0 2 |a Национальный исследовательский Томский политехнический университет (ТПУ)  |b Институт неразрушающего контроля (ИНК)  |b Лаборатория № 63 (Медицинского приборостроения)  |h 6599  |2 stltpush  |3 (RuTPU)RU\TPU\col\19731 
801 2 |a RU  |b 63413507  |c 20210224  |g RCR 
856 4 |u http://earchive.tpu.ru/handle/11683/16484 
856 4 |u http://www.lib.tpu.ru/fulltext/c/2015/C105/032.pdf 
942 |c BK